UM Logo

Promoting statistical practice and collaboration in developing countries / (Record no. 24402)

MARC details
000 -LEADER
fixed length control field 00743nam a2200193 4500
005 - DATE AND TIME OF LATEST TRANSACTION
control field 20260304144739.0
008 - FIXED-LENGTH DATA ELEMENTS--GENERAL INFORMATION
fixed length control field 260304b |||||||| |||| 00| 0 eng d
020 ## - INTERNATIONAL STANDARD BOOK NUMBER
International Standard Book Number 9781000594355
082 ## - DEWEY DECIMAL CLASSIFICATION NUMBER
Classification number AV-Eb 519.50711724 P944 2022
245 ## - TITLE STATEMENT
Title Promoting statistical practice and collaboration in developing countries /
Statement of responsibility, etc. edited by O. Olawale Awe, Kim Love, and Eric A. Vance.
260 ## - PUBLICATION, DISTRIBUTION, ETC. (IMPRINT)
Place of publication, distribution, etc. [No place of publication] ;
Name of publisher, distributor, etc. CRC Press LLC,
Date of publication, distribution, etc. ©2022.
300 ## - PHYSICAL DESCRIPTION
Extent 688 pages.
521 ## - TARGET AUDIENCE NOTE
Target audience note Includes index.
650 #0 - SUBJECT ADDED ENTRY--TOPICAL TERM
Topical term or geographic name as entry element Statistics.
9 (RLIN) 69931
700 ## - ADDED ENTRY--PERSONAL NAME
Personal name Love, Kim,
Relator term editor.
9 (RLIN) 69932
700 ## - ADDED ENTRY--PERSONAL NAME
Personal name Vance, Eric A.,
Relator term editor.
9 (RLIN) 69933
856 ## - ELECTRONIC LOCATION AND ACCESS
Link text https://ebookcentral.proquest.com/lib/uniofmindanao-ebooks/detail.action?docID=7244978
942 ## - ADDED ENTRY ELEMENTS (KOHA)
Source of classification or shelving scheme Dewey Decimal Classification
Koha item type Ebooks
Holdings
Withdrawn status Lost status Source of classification or shelving scheme Damaged status Not for loan Collection code Home library Current library Date acquired Source of acquisition Total Checkouts Full call number Date last seen Price effective from Koha item type
    Dewey Decimal Classification     AV-CD UM Digos College - LIC UM Digos College - LIC 03/04/2026 Downloaded   AV-Eb 519.50711724 P944 2022 03/04/2026 03/04/2026 Ebooks